Responses for Show #4730 - Friday, March 11, 2005

2005 Ultimate Tournament of Champions Round 1, game 23.

Contestants

[<< previous game]

Steve Newman, a partner in a small computer company from Rockville, Maryland

Andrew Westney, a singer and actor from Atlanta, Georgia

David Siegel, a paralegal from Los Angeles, California

[next game >>]

Jeopardy! Round responses

TIME TO GET A HEAD
7-LETTER WORDS
IT'S PAT
COUNTRIES BY NEWSPAPERS
THE PEN
THE SWORD
    $200 1
Marie Antoinette

Steve
    $200 14
hogwash

Steve
    $200 22
(Steve: Who is Pat Nixon?)
...
(Alex: [*], yes. Pat Nixon was married to Richard Nixon.)

Pat Kennedy

DavidSteve
    $200 27
Australia

Steve
    $200 9
Los Angeles County

David
    $200 11
Bilbo Baggins

Steve
    $400 3
(Andrew: Who is Andrew Johnson?)

Jefferson Davis

AndrewSteve
    $400 16
apostle

Andrew
    $400 23
Patsy Cline

David
    $400 30
Poland

Andrew
    $400 7
(Nelson) Mandela

Andrew
    $400 12
Kill Bill

Steve
    $600 5
Dickens

David
    $600 17
forfeit

Andrew
    $600 24
Pat Robertson

Andrew
    $600 15
Greece

Andrew
    $600 2
South Dakota

David
    $600 13
The Princess Bride

Andrew
    $800 6
Louis XIV

Andrew
    $800 18
your hatband

David
    $800 25
Pat Schroeder

Steve
    $800 28
India

Steve
    $800 4
(Steve: Who is John Dean?)

Charles Colson

DavidSteve
    $800 20
Braveheart

Steve
    $1000 10
(Andrew: Who is Lipton?)

Earl Grey

Andrew
Triple Stumper
    $1000 19
lingual

Andrew
    $1000 26
Patricia Cornwell

Andrew
    $1000 29
Argentina

David
    $1,000 8
(Andrew: Who is Lloyd?)

Bobby Sands

Andrew
    $1000 21
Blade

Andrew

Scores at the first commercial break (after clue 13):

David Andrew Steve
$2,200 -$600 $400

Scores at the end of the Jeopardy! Round:

David Andrew Steve
$4,600 $5,000 $3,000

Double Jeopardy! Round responses

ANCIENT GREEK THEATRE
THAT'S MY ALBUM
AMERICAN PLACE NAMES
PLANES, TRAINS & AUTOMOBILES
ANATOMICAL ADVERTISING
CROSSWORD CLUES "G"
    $400 26
The Frogs

Steve
    $400 28
Paul Simon

Andrew
    $400 21
Norway

Steve
    $400 18
(Andrew: What is The Lady Vanishes?)

Murder on the Orient Express

AndrewSteve
    $400 16
the liver

Andrew
    $400 7
glowworm

Steve
    $800 27
satyrs

Andrew
    $800 29
Johnny Cash

David
    $800 17
Burbank

David
    $800 19
the Concorde

Steve
    $800 12
(Steve: [Before responding, whispers] Come see what's cooking here...)

the stomach

Steve
    $800 8
giant

Steve
    $1200 1
Euripides

Steve
    $1200 30
The Who

David
    $1200 14
(David: What is Rainier?)

Mount St. Helens

David
Triple Stumper
    $1200 20
DeLorean

Andrew
    $1200 9
the pancreas

Steve
    $1200 6
Gatorade

Steve
    $1600 2
masks

Steve
    $1600 25
The Eagles

Steve
    $1600 13
Detroit

Andrew
    $1600 22
(Preston) Tucker

David
    $1600 10
the duodenum

Andrew
    $1600 4
a gobbler

Steve
    $2,000 3
Thespis

Steve
    $2000 24
(Andrew: What is Rush?)

Van Halen

Andrew
Triple Stumper
    $7,000 15
(Alex: You knew that. Way to go. Didn't even have to figure it out.)

Wilkes-Barre

Andrew
    $2000 23
(Andrew: What is the Orient Express?)

the Trans-Siberian Railway

DavidAndrew
    $2000 11
the spleen

Steve
    $2000 5
Giotto

Andrew

Scores at the end of the Double Jeopardy! Round:

David Andrew Steve
$9,800 $15,600 $19,400

[wagering suggestions for these scores]

Final Jeopardy! Round responses

HISTORIC BRITS
(Alex: He was referring, of course, to his upcoming hanging at the hands of the Americans.)
...
(Alex: [To Steve] You had John [*]. That would've been correct also. That's his first name.)
DavidWho was Major Andre
$9,700
AndrewWho is Cornwallis?
$5,000
SteveWho Is John Andre
$19,300
Major John André

Final scores:

David Andrew Steve
$19,500 $10,600 $38,700
2nd place: $5,000 3rd place: $5,000 Winner: $38,700 + an advance to UToC Round 2

Game dynamics:

Coryat scores:

David Andrew Steve
$9,800 $11,600 $19,400
13 R,
1 W
19 R
(including 1 DD),
6 W
(including 1 DD)
24 R
(including 1 DD),
2 W

Combined Coryat: $40,800

[game clues] [game scores] [suggest correction]

Game tape date: 2005-02-22
The J! Archive is created by fans, for fans. Scraping, republication, monetization, and malicious use prohibited; this site may use cookies and collect identifying information. See terms. The Jeopardy! game show and all elements thereof, including but not limited to copyright and trademark thereto, are the property of Jeopardy Productions, Inc. and are protected under law. This website is not affiliated with, sponsored by, or operated by Jeopardy Productions, Inc. Join the discussion at JBoard.tv.